Indian publicity (Record no. 491601)

000 -LEADER
fixed length control field 00523cam a22001097a 4500
008 - FIXED-LENGTH DATA ELEMENTS--GENERAL INFORMATION
fixed length control field 180718b1961 xxu||||| |||| 00| 0 eng d
082 ## - DEWEY DECIMAL CLASSIFICATION NUMBER
Classification number I548x54 In2p
245 ## - TITLE STATEMENT
Title Indian publicity
Statement of responsibility, etc. by Directorate of Advertising and Visual Publicity, Ministry of Information and Broadcasting
260 ## - PUBLICATION, DISTRIBUTION, ETC.
Place of publication, distribution, etc. New Delhi
Name of publisher, distributor, etc. Directorate of Adversiting and Visual Publicity, Ministry of Information and Broadcasting
Date of publication, distribution, etc. 1961
300 ## - PHYSICAL DESCRIPTION
Extent 160+p
700 ## - ADDED ENTRY--PERSONAL NAME
Personal name India. Ministry of Information and Broadcasting. Directorate of Advertising and Visual Publicity
Holdings
Withdrawn status Lost status Damaged status Not for loan Permanent Location Current Location Date acquired Full call number Barcode Date last seen Price effective from Koha item type
        Indian Institute of Public Administration Indian Institute of Public Administration 2018-08-04 I548x54 In2p G870 2018-08-04 2018-08-04 G

Powered by Koha